000 00662nam a2200277Ia 4500
005 20260324142727.0
008 008 260324s9999 xx 000 0 eng d
020 _a9780203392867
037 _aEBOOK
040 _aCRL
040 _beng
040 _cCRL
041 _2eng
041 _aeng
084 _qCRL
100 _aNicholas Abercrombie; Russell, Whiteley Keat
_91213021
245 4 _aThe Authority of the Consumer
260 _bTaylor and Francis
260 _c1994
365 _a
365 _b230
856 _uhttp://www.taylorfrancis.com/books/9780203392867
942 _cEBOOK
999 _c1817541
_d1817541